| 000 | 01259cam a2200289 4500 | ||
|---|---|---|---|
| 008 | 030217n2002 000 0 eng u | ||
| 020 | _a0115154884 | ||
| 035 | _a(Sirsi) u121353 | ||
| 041 | _aeng. | ||
| 050 |
_a306.0212 _c18 |
||
| 110 |
_aUnited Kingdom _bDepartment of Trade and Industry |
||
| 245 | 0 | 4 |
_aThe adoption of requirements management in the delivery of refurbishment projects _h[electronic resource] |
| 245 | _aConstruction statistics annual 2002 edition | ||
| 250 | _a3rd ed. | ||
| 260 |
_aNorwich _bTSO _c2002 |
||
| 300 |
_a252p. _c30cm. |
||
| 350 | _a45 | ||
| 520 | _aGives a broad perspective of statistical trends in the construction industry in Great Britain through the last decade together with some international comparisions and features on leading initiatives which may influence the future. Also available to view on the DTI website www.dti.gov.uk/construction/. | ||
| 650 | _aCONSTRUCTION STATISTICS | ||
| 650 | _aCONSTRUCTION INDUSTRY | ||
| 650 | _aCONSTRUCTION COSTS | ||
| 650 | _aCONSTRUCTION ORDERS | ||
| 650 | _aBUILT ENVIRONMENT-BUILDING MATERIALS | ||
| 690 | _aBUILT ENVIRONMENT | ||
| 856 |
_uhttps://www.dti.gov.uk/construction/stats/csa2004.htm _zView the statistics on the DTI website... |
||
| 942 | _n0 | ||
| 999 |
_c102658 _d102658 |
||